Cereals and cereal products :Chemistry and technology (Record no. 13646)
[ view plain ]
| 000 -LEADER | |
|---|---|
| fixed length control field | 00469cam a22001694a 4500 |
| 020 ## - INTERNATIONAL STANDARD BOOK NUMBER | |
| ISBN | 0834217678 |
| 020 ## - INTERNATIONAL STANDARD BOOK NUMBER | |
| ISBN | 9788181283542 |
| 082 00 - DEWEY DECIMAL CLASSIFICATION NUMBER | |
| Classification number | 664.7 |
| Item number | DEN/CE |
| 100 1# - MAIN ENTRY--AUTHOR NAME | |
| Personal name | Dendy, D. A. V. |
| 245 10 - TITLE STATEMENT | |
| Title | Cereals and cereal products :Chemistry and technology |
| 260 ## - PUBLICATION, DISTRIBUTION, ETC. (IMPRINT) | |
| Place of publication | Gaithersburg, Md. : |
| Name of publisher | Aspen Publishers, |
| -- | Springer |
| Year of publication | 2001. |
| 300 ## - PHYSICAL DESCRIPTION | |
| Number of Pages | xii, 429 p. : |
| Other physical details | ill. ; |
| 650 #0 - SUBJECT ADDED ENTRY--TOPICAL TERM | |
| Topical Term | Cereal products. |
| 650 #0 - SUBJECT ADDED ENTRY--TOPICAL TERM | |
| Topical Term | Grain. |
| 700 1# - ADDED ENTRY--PERSONAL NAME | |
| Personal name | Dobraszczyk, Bogdan J. |
| 942 ## - ADDED ENTRY ELEMENTS (KOHA) | |
| Koha item type | Reference |
| Withdrawn status | Lost status | Damaged status | Collection code | Home library | Current library | Shelving location | Date acquired | Source of acquisition | Cost, normal purchase price | Full call number | Accession Number | Koha item type |
|---|---|---|---|---|---|---|---|---|---|---|---|---|
| Reference | KAUAET | KAUAET | Reference1 | 31/03/2012 | Universal Research Books, Thrissur | 2095.00 | 664.7 DEN/CE | 22587 | Reference |
